| 000 | 00895nam a2200253 a 4500 | ||
|---|---|---|---|
| 001 | 000721069 | ||
| 003 | AM-YeHGA | ||
| 005 | 20250617142930.0 | ||
| 008 | 100315s1985 ||| r 000 0 rus d | ||
| 040 | _aAM-YeHGA | ||
| 041 | 1 |
_arus _htar |
|
| 100 | 1 | _aФайзи, Ахмет | |
| 245 | 1 | 0 |
_aТукай : _bРоман / _cАхмет Файзи ; Авториз. пер. с татар. А. Садовского. |
| 250 | _aПереиздание | ||
| 260 |
_aКазань : _bТатар. кн. изд-во, _c1985. |
||
| 300 |
_a526 с. : _bпортр. |
||
| 440 | 0 | _aБ-ка татарского романа | |
| 504 | _aБиблиогр. : с. 523-526 | ||
| 600 | 1 | 4 | _aТукай, Габдулла |
| 653 | 0 | _aПисатели татарские (х. л.) | |
| 653 | 0 | _aТатария, 19-20 вв. (х. л.) | |
| 700 | 1 |
_aСадовский, А _eпер. _4trl |
|
| 090 | _c268113 | ||
| 999 |
_c266479 _d266479 |
||